Flags with only two colours without hints - Statistics

General Stats
  • This quiz has been taken 147 times
    146 since last reset
  • The average score is 24 of 38
Answers on the Map
Answers color-coded by a green-red scale on the quiz's map according to % correct below.
 
Answer Stats
Answer % Correct
japan
97%
canada
91%
china
90%
poland
90%
indonesia
87%
sweden
87%
ukraine
87%
finland
82%
vietnam
78%
turkey
77%
denmark
76%
monaco
76%
greece
72%
bangladesh
71%
tunisia
70%
austria
68%
morocco
68%
peru
67%
saudi arabia
66%
pakistan
64%
palau
61%
latvia
58%
afghanistan
56%
israel
56%
kazakhstan
54%
switzerland
54%
nigeria
49%
singapore
48%
somalia
48%
honduras
42%
qatar
42%
albania
41%
georgia
40%
bahrain
39%
kyrgyzstan
38%
tonga
38%
north macedonia
33%
micronesia
31%
No matching quizzes found
Score Distribution
Percent of People with Each Score
Percentile by Number Answered
Your Score History
You have not taken this quiz since the last reset